banner-ar

سبع حكايات من الف ليلة وليلة او ليست هناك حكايات بريئة / (Record no. 32099)

MARC details
000 -الفاتح
حقل البيانات ثابتة الطول 00556nam a2200169Ia 4500
005 - وقت وتاريخ اخر تعامل مع التسجيلة
رقم الضبط 20240530102422.0
008 - عناصر البيانات ثابتة الطول - معلومات عامة
حقل البيانات ثابتة الطول 140319s9999 xx 000 0 ara d
040 ## - مصدر الفهرسة
وكالة الفهرسة الأصلية GCL /
وكالة النسخ GCL
082 04 - رقم تصنيف ديوى العشرى
رقم التصنيف 810.9
رقم المادة ا س
100 0# - المدخل الرئيسى - إسم شخصى
الإسم الشخصى اندريه ميكيل
245 10 - بيان العنوان
العنوان سبع حكايات من الف ليلة وليلة او ليست هناك حكايات بريئة /
بيان المسئوليه,etc اندريه ميكيل
260 ## - PUBLICATION, DISTRIBUTION, ETC. (IMPRINT)
تاريخ النشر أو التوزيع 1986
300 ## - الوصف المادى
التعداد 132
490 ## - بيان السلسلة
عنوان السلسلة الفكر المعاصر
رقم المجلد/ التعيين التسلسلي 0
942 ## - عناصر المدخل الإضافي( كوها)
مصدر التصنيف او مخطط الترفيف Dewey Decimal Classification
Koha [default] item type كتاب
260 ## - PUBLICATION, DISTRIBUTION, ETC. (IMPRINT)
-- [S.N] :
-- مركز الكتاب الفرنسى ،
Holdings
حالة التراجع حالة الفقد حالة تلف ليس للاعارة المكان المؤقت الموقع الحالى تاريخ الاكتساب اجمالي اﻻعارات رقم الطلب الباركود تاريخ اخر مشاهدة تاريخ تفعيل السعر نوع وعاء كوها
        مكتبة القاهرة الكبرى مكتبة القاهرة الكبرى 03/26/2014   810.9\ا س 75402 03/26/2014 03/26/2014 كتاب

Powered By

EGPV